000
00287nam a22001337a 4500
008
171009b xxu||||| |||| 00| 0 eng d
020
_a
9780130074690
041
_a
eng
080
_2
3RD
_a
159.9
100
_a
49
101
_a
PSI
245
_a
ADOLESCENCE
_c
ATWATER,E
942
_2
udc
_c
BK
999
_c
32551
_d
32551